00537nam a22001817a 450000500170000000800410001702000270005804000090008504100120009408200200010610000240012624500460015026000520019630000080024865000490025670000250030570000250033020260523132901.0260523b |||||||| |||| 00| 0 eng d a9788195589869c1495.00 aMAIN aEnglish a584.095486bRAW aRawat, Gopal Singh  aOrchids Of Uttarakhand b: A Field Guide  aDehradunbBishan Singh Mahindra Pal Singhc2023 a342 aUttarakhand Collection : Himalaya Collection aJalal, Jeewan Singh  aSingh, Gajendra (ed)